00786nam a2200241 i 450000100060000000300090000600500170001500700030003200800410003501700510007602000190012708000120014610000510015824500800020926000330028930000280032249000400035050000150039050400380040565000330044383000400047685200280051627717ES-MaACL20250824063030.0t|030115s1981 sp ||||1| spa d aM 35237-1981 bOficina Depósito Legal Madrid a84-207-2151-4  a371.2141 aAzcárate Ristori, Isabel de,d1923-2016eaut13aLa programación en la práctica escolar / cIsabel de Azcárate Ristori a[Madrid] : bAnaya, c[1981] a159 páginas ; c22 cm1 aTemas monográficos de educación aÍndice  aBibliografía: páginas 157-159 7aCurrículo educativo2embne 0aTemas monográficos de educación4 aES-MaACLcDEPO2jL-1409